Measuring productivity measurement of aggregate and industry-level productivity growth

Saved in:
Bibliographic Details
Format: Book
Language:English
Published: Paris OECD 2001
Series:Statistics
Subjects:
Tags: Add Tag
No Tags, Be the first to tag this record!

MARC

LEADER 00000nam a2200000 4500
001 c126822
005 20221221091538.3
020 |a 92-64-18737-5 
041 0 |a eng 
044 |a FR 
245 1 0 |a Measuring productivity  |b measurement of aggregate and industry-level productivity growth 
264 1 |a Paris  |b OECD  |c 2001 
300 |a 154 s. 
490 1 |a Statistics 
830 0 |a Statistics 
610 2 0 |a produktivita 
610 2 0 |a produktívnosť 
610 2 0 |a meranie produkcie 
610 2 0 |a analýza hodnotová 
610 2 0 |a OECD 
610 2 0 |a svet